[Event "CRO-chT1B 25th"]
[Site "Sibenik"]
[Date "2016.10.08"]
[Round "1.1"]
[White "Ivekovic, Zvonimir"]
[Black "Pucovski, Miroslav"]
[Result "1-0"]
[WhiteElo "2345"]
[BlackElo "2291"]
[PlyCount "103"]
[EventDate "2016.10.08"]
[EventType "team-tourn"]
[EventRounds "9"]
[EventCountry "CRO"]
[SourceTitle "EXT 2017"]
[Source "ChessBase"]
[SourceDate "2016.10.25"]
[SourceVersion "1"]
[SourceVersionDate "2016.10.25"]
[SourceQuality "1"]
[WhiteTeam "Koprivnica Podravka"]
[BlackTeam "Vinkovci"]
[WhiteTeamCountry "CRO"]
[BlackTeamCountry "CRO"]

1. e4 c5 2. Nf3 Nc6 3. d4 cxd4 4. Nxd4 e5 5. Nb5 d6 6. N1c3 a6 7. Na3 b5 8. Nd5 Nce7 9. Bg5 h6 10. Bxb5+ axb5 11. Nxb5 Ra6 12. Ndc7+ Kd7 13. Bd2 Nf6 14. Nxa6 Bxa6 15. Nxd6 Ke6 16. Qf3 Kxd6 17. Qa3+ Kc6 18. Qxa6+ Qb6 19. Qc4+ Qc5 20. Qxf7 Nxe4 21. Be3 Qa5+ 22. c3 Nd6 23. Qf3+ Qd5 24. Qe2 Qc4 25. Rc1 Nef5 26. b3 Qxe2+ 27. Kxe2 Be7 28. Bd2 Ne4 29. Be1 Ra8 30. Rc2 Bc5 31. g4 Ne7 32. f3 Nf6 33. b4 Bb6 34. c4 Bd4 35. Bd2 Ng6 36. Rb1 Nf4+ 37. Bxf4 exf4 38. Rd1 Be3 39. c5 Kb5 40. c6 Bb6 41. c7 Rc8 42. Rd8 Rxc7 43. Rxc7 Bxc7 44. Rc8 Nd5 45. a3 Kc4 46. h4 Kd4 47. a4 Bd6 48. a5 Bxb4 49. a6 Bc5 50. Rd8 Kc4 51. Rd7 Nc3+ 52. Kf1 1-0

[Event "SLO-chT1 East"]
[Site "Slovenia"]
[Date "2016.09.24"]
[Round "2"]
[White "Ivekovic, Zvonimir"]
[Black "Horvath, Tamas"]
[Result "1-0"]
[WhiteElo "2345"]
[BlackElo "2367"]
[PlyCount "85"]
[EventDate "2016.09.23"]
[EventType "team-tourn"]
[EventRounds "9"]
[EventCountry "SLO"]
[SourceTitle "EXT 2019"]
[Source "ChessBase"]
[SourceDate "2018.10.10"]
[SourceVersion "1"]
[SourceVersionDate "2018.10.10"]
[SourceQuality "1"]
[WhiteTeam "Brezice"]
[BlackTeam "Lendava Rokada"]
[WhiteTeamCountry "SLO"]
[BlackTeamCountry "SLO"]

1. e4 c5 2. Nf3 Nc6 3. d4 cxd4 4. Nxd4 e6 5. Nc3 Qc7 6. Be3 a6 7. Qd2 Nf6 8. f3 Ne5 9. 0-0-0 Be7 10. Kb1 0-0 11. g4 d6 12. g5 Nfd7 13. f4 Nc4 14. Bxc4 Qxc4 15. f5 Ne5 16. f6 Bd8 17. Bf4 Bd7 18. fxg7 Kxg7 19. g6 hxg6 20. Bh6+ Kg8 21. Bxf8 Kxf8 22. Nf5 exf5 23. Qxd6+ Kg7 24. Qxe5+ Bf6 25. Qd5 Qxd5 26. Nxd5 Bc6 27. exf5 g5 28. Rhf1 Rh8 29. Rf2 Rh4 30. a3 Be5 31. f6+ Kh6 32. Ne7 Rh3 33. Rd8 Kh5 34. Nxc6 bxc6 35. Rf8 Kg6 36. Rg8+ Kh5 37. Rg7 Bf4 38. Rh7+ Kg4 39. Rg2+ Kf3 40. Rxh3+ Kxg2 41. Rh7 Bxh2 42. Rxf7 Bf4 43. Rf8 1-0

[Event "SLO-chT2 East"]
[Site "Slovenia"]
[Date "2015.11.07"]
[Round "6"]
[White "Ivekovic, Zvonimir"]
[Black "Turicnik, Vlado"]
[Result "1-0"]
[WhiteElo "2330"]
[BlackElo "2012"]
[PlyCount "71"]
[EventDate "2015.09.05"]
[EventType "team-tourn"]
[EventRounds "9"]
[EventCountry "SLO"]
[SourceTitle "EXT 2019"]
[Source "ChessBase"]
[SourceDate "2018.10.10"]
[SourceVersion "1"]
[SourceVersionDate "2018.10.10"]
[SourceQuality "1"]
[WhiteTeam "Brezice"]
[BlackTeam "Fuzinar Hapro"]
[WhiteTeamCountry "SLO"]
[BlackTeamCountry "SLO"]

1. e4 c5 2. Nf3 Nc6 3. d4 cxd4 4. Nxd4 Nf6 5. Nc3 e5 6. Ndb5 d6 7. Bg5 a6 8. Na3 b5 9. Bxf6 gxf6 10. Nd5 f5 11. c3 Bg7 12. exf5 Bxf5 13. Nc2 0-0 14. Nce3 Be6 15. Bd3 f5 16. 0-0 Bxd5 17. Nxd5 e4 18. Be2 Kh8 19. f4 b4 20. Qa4 bxc3 21. Qxc6 cxb2 22. Rad1 Qa5 23. Nb6 Rab8 24. Nd7 Rbc8 25. Qxd6 Rfd8 26. Qe6 Qc3 27. Ne5 Bxe5 28. Rxd8+ Rxd8 29. fxe5 Rc8 30. Qxf5 Qe3+ 31. Kh1 Qc1 32. e6 b1Q 33. e7 Qb8 34. Qf6+ Kg8 35. e8R+ Rxe8 36. Rxc1 1-0

[Event "SLO-chT2 East"]
[Site "Slovenia"]
[Date "2015.11.07"]
[Round "7"]
[White "Psenicnik, Zoran"]
[Black "Ivekovic, Zvonimir"]
[Result "1-0"]
[WhiteElo "2125"]
[BlackElo "2330"]
[PlyCount "31"]
[EventDate "2015.09.05"]
[EventType "team-tourn"]
[EventRounds "9"]
[EventCountry "SLO"]
[SourceTitle "EXT 2019"]
[Source "ChessBase"]
[SourceDate "2018.10.10"]
[SourceVersion "1"]
[SourceVersionDate "2018.10.10"]
[SourceQuality "1"]
[WhiteTeam "Dravograd"]
[BlackTeam "Brezice"]
[WhiteTeamCountry "SLO"]
[BlackTeamCountry "SLO"]

1. e4 c5 2. Nf3 d6 3. Bb5+ Nc6 4. c3 Qb6 5. Na3 Nf6 6. Qe2 Bd7 7. Nc4 Qc7 8. e5 dxe5 9. Nfxe5 e6 10. d4 Nxe5 11. Nxe5 cxd4 12. Bf4 Bd6 13. Nxd7 Nxd7 14. Bxd6 Qxd6 15. Rd1 e5 16. Rxd4 1-0

[Event "CRO-chT2 Center"]
[Site "Croatia"]
[Date "2015.10.18"]
[Round "10.31"]
[White "Ivekovic, Zvonimir"]
[Black "Matko, Ognjen"]
[Result "1-0"]
[WhiteElo "2364"]
[BlackElo "2305"]
[PlyCount "91"]
[EventDate "2015.03.22"]
[EventType "team-tourn"]
[EventRounds "11"]
[EventCountry "CRO"]
[SourceTitle "EXT 2016"]
[Source "ChessBase"]
[SourceDate "2015.10.08"]
[SourceVersion "1"]
[SourceVersionDate "2015.10.08"]
[SourceQuality "1"]

1. e4 e5 2. Nf3 Nc6 3. d4 exd4 4. Nxd4 Nf6 5. Nc3 Bb4 6. Nxc6 bxc6 7. Bd3 d5 8. e5 Ng4 9. 0-0 0-0 10. Qe2 Re8 11. f4 Bc5+ 12. Kh1 Nxh2 13. Qh5 Nxf1 14. Qxh7+ Kf8 15. Na4 Bf2 16. b3 Qh4+ 17. Qxh4 Bxh4 18. Ba3+ Be7 19. Bxe7+ Kxe7 20. Rxf1 g6 21. Nc5 a5 22. a4 Rb8 23. Kg1 Rb4 24. c3 Rb8 25. Rd1 Rd8 26. Be2 Bf5 27. Rd4 Rb6 28. Bd1 Bb1 29. b4 axb4 30. cxb4 Rdb8 31. a5 Rxb4 32. Rxb4 Rxb4 33. a6 Rb5 34. Nb7 Rb2 35. Ba4 Rb6 36. Nc5 Rb8 37. Bxc6 d4 38. a7 Rd8 39. a8Q Rxa8 40. Bxa8 f6 41. Kf2 fxe5 42. fxe5 Bf5 43. Kf3 g5 44. Be4 Bc8 45. Bg6 Be6 46. Ke4 1-0

[Event "CRO-chT2 Center"]
[Site "Croatia"]
[Date "2015.09.13"]
[Round "7.31"]
[White "Makaj, Marko"]
[Black "Ivekovic, Zvonimir"]
[Result "1/2-1/2"]
[WhiteElo "2368"]
[BlackElo "2364"]
[PlyCount "86"]
[EventDate "2015.03.22"]
[EventType "team-tourn"]
[EventRounds "11"]
[EventCountry "CRO"]
[SourceTitle "EXT 2016"]
[Source "ChessBase"]
[SourceDate "2015.10.08"]
[SourceVersion "1"]
[SourceVersionDate "2015.10.08"]
[SourceQuality "1"]

1. d4 Nf6 2. Bg5 e6 3. Nd2 c5 4. e3 Nc6 5. c3 Be7 6. Ngf3 b6 7. Bd3 cxd4 8. exd4 d6 9. Qe2 Nd5 10. Bxe7 Qxe7 11. Be4 0-0 12. 0-0 Qf6 13. Qb5 Nce7 14. c4 Nc7 15. Qh5 g6 16. Qh6 d5 17. cxd5 exd5 18. Bd3 Ne6 19. Qe3 Nc6 20. Nb3 a5 21. Rfc1 Nb4 22. Bf1 Qf5 23. Qe5 Nf4 24. Rc3 a4 25. Nbd2 Qxe5 26. Nxe5 Bf5 27. g3 f6 28. Nc6 Nxc6 29. Rxc6 Ne6 30. Bg2 Nxd4 31. Bxd5+ Kh8 32. Rxf6 Rxf6 33. Bxa8 Rf8 34. Be4 Bxe4 35. Nxe4 Re8 36. Nc3 Ne2+ 37. Kf1 Nxc3 38. bxc3 b5 39. Rb1 Re5 40. Rb4 Rc5 41. c4 bxc4 42. Ke2 c3 43. Kd1 Rd5+ 1/2-1/2